000 00534nam a2200181 4500
005 20251211165421.0
008 251211b |||||||| |||| 00| 0 eng d
020 _a978-93-92242-69-4
041 _aEng
082 _21st ed. 2024
_aOG 610.73678 KAU
_bB11975
100 _aKaur Ramandeep
_9215830
245 _aTextbook of Midwifery/Obstetrics & Gynecology (OBG) Nursing - I
250 _a1st ed. 2024
260 _aPunjab
_bVHS Publishers
_c2024
300 _axiv,610p.
_bpb
_c27.8x21cm
365 _aRupaye
_b850
_cINR
942 _cBK
999 _c369364
_d369364